000 00697nam a2200205Ia 4500
003 GCL
008 140319s9999 xx 000 0 ara d
040 _aGCL /
_cGCL
082 0 4 _a551.1
_bح ج
100 1 _aحسن محمد حميدة
245 1 0 _aالجيولوجيا التطبيقية للهندسةالمدنية /
_cحسن محمد حميدة
260 _aبيروت :
_bدار الراتب الجامعية ،
_c1989
300 _a366 ص ؛
_c26 سم
490 _a
650 0 4 _aالجيولوجيا طبقات الارض
650 0 4 _aالتعدين
650 0 4 _aالجيولوجيا البنائية
650 0 4 _aالجيولوجيا الفيزيائية
942 _2ddc
_cBK
999 _c48336
_d48336